Online Catalogue and eLibrary

Senkadagala maha biso (Record no. 5195)

MARC details
000 -LEADER
fixed length control field 00394nam a2200157Ia 4500
005 - DATE AND TIME OF LATEST TRANSACTION
control field 20250701023253.0
008 - FIXED-LENGTH DATA ELEMENTS--GENERAL INFORMATION
fixed length control field 240331s9999 xx 000 0 und d
020 ## - INTERNATIONAL STANDARD BOOK NUMBER
ISBN 9558892920
082 ## - DDC Classification
Item Number - Author Mark EKA
Class No. 891
100 ## - MAIN ENTRY--PERSONAL NAME
Personal name Ekanayake,R.S
245 #0 - TITLE STATEMENT
Title Senkadagala maha biso
260 ## - PUBLICATION, DISTRIBUTION, ETC.
Place of publication, distribution, etc. Colombo
Name of publisher, distributor, etc. Suriya Publishers
Date of publication, distribution, etc. 2005
300 ## - PHYSICAL DESCRIPTION
Extent (e.g. Volumes, Pages etc.) 350 p .,
500 ## - GENERAL NOTE
General note A book on Queen of Senkadagala
942 ## - Koha item type (Biblio)
Koha item type Books in Stacks (Lending)
Holdings
Lost status Damaged status Collection code Home library Current library Shelving location Date acquired Full call number Accession Number Item type
    Lending WERC Library WERC Library Social Science Cupboard 03/31/2024 891.33 EKA 6223 Books in Stacks (Lending)

© WERC Library